01124nam a2200301Ic 450000100060000000300100000600500170001600700030003300800410003602000180007704000350009504100080013008400110013810000410014924501100019025000220030026400770032230000530039933600270045233700330047933800280051250001070054065000270064765000280067465000380070265000390074065000430077960628CO-BoRNBP20260225230328.0ta181205s9999 xx 000 0 und d a9789584255266 aCO-BoRNBPbspaerdacCO-BoRNBP aspa aN MEN110aMendoza Zambrano, Mario,d1964-eaut13aEl mensajero de Agartha, 4 :bla colonia de Altair /cMario Mendoza ; ilustraciones Book and Play Studio. aPrimera edición 1aBogotá, Colombia :bDestino,c[Fecha de publicación no identificada] a193 páginas :bilustraciones en blanco y negro atextobtxt2rdacontent asin mediaciónbn2rdamedia avolumenbnc2rdacarrier aRecomendado para un público mayor de 15 años \ Incluye datos biográficos del autor en la solapa07aAmistad - Novela2lemb07aDivorcio - Novela2lemb07aViajes Fantasticos - Novela2lemb17aNovela colombianaySiglo XXI2rnbp17aLiteratura colombianaySiglo XXI2rnbp